| Tag |
First Indicator |
Second Indicator |
Subfields |
| LEADER |
00000cam a2200000 a 4500 |
| 001 |
in00001166310 |
| 005 |
20151001075719.0 |
| 008 |
920824s1992 mdu i 000 0 eng |
| 010 |
|
|
|a 92204276
|
| 020 |
|
|
|a 1556135874
|
| 035 |
|
|
|a (OCoLC)26146518
|
| 035 |
|
|
|9 AGF1434AM
|
| 040 |
|
|
|a DLC
|c DLC
|d TXA
|d UtOrBLW
|
| 043 |
|
|
|a n-uso--
|
| 049 |
|
|
|a TXAM
|
| 050 |
0 |
0 |
|a Z1251.O4
|b T65 1992
|a F520.6.G3
|
| 082 |
0 |
0 |
|a 929/.377
|2 20
|
| 090 |
|
|
|a Z1251.O4
|b T65 1992
|
| 100 |
1 |
|
|a Tolzmann, Don Heinrich,
|d 1945-
|
| 245 |
1 |
0 |
|a Ohio Valley German biographical index /
|c Don Heinrich Tolzmann.
|
| 264 |
|
1 |
|a Bowie, Md. :
|b Heritage Books,
|c 1992.
|
| 300 |
|
|
|a vii, 78 pages ;
|c 28 cm.
|
| 336 |
|
|
|a text
|b txt
|2 rdacontent
|
| 337 |
|
|
|a unmediated
|b n
|2 rdamedia
|
| 338 |
|
|
|a volume
|b nc
|2 rdacarrier
|
| 500 |
|
|
|a "Sources indexed": p. vii.
|
| 650 |
|
0 |
|a German Americans
|z Ohio River Valley
|x Biography
|x Indexes.
|
| 651 |
|
0 |
|a Ohio River Valley
|x Biography
|x Indexes.
|
| 999 |
|
|
|a MARS
|
| 999 |
f |
f |
|s 7155b52e-7e95-3df0-bc12-9823d28f5060
|i 04ea35eb-2538-3a6c-a7a6-7db98968c0f0
|t 0
|
| 952 |
f |
f |
|p ric
|a Texas A&M University
|b Rellis Campus
|c Joint Library Facility
|d Remote Storage
|t 0
|e Z1251.O4 T65 1992
|h Library of Congress classification
|i unmediated -- volume
|m A14817983436
|
| 998 |
f |
f |
|a Z1251.O4 T65 1992
|t 0
|l Remote Storage
|